| 000 | 00715nam a22002057a 4500 | ||
|---|---|---|---|
| 003 | OSt | ||
| 005 | 20250730005346.0 | ||
| 008 | 250730b |||||||| |||| 00| 0 eng d | ||
| 020 | _a 9786219540001 | ||
| 040 |
_aDWCL-Main lib _cOC |
||
| 082 | _aFil. 364.9599 G642d 2016 | ||
| 100 | _aGonzaga, Janette Salvador | ||
| 245 |
_aDante Jimenez : _bthe crusade continues/ _cJanette Salvador Salvador |
||
| 260 |
_aManila : _bBacani & Associates Media Services, _cc2016. |
||
| 300 |
_a vii, 111 pages : _billustrations ; _c23 cm. |
||
| 650 | _a1. Social reformers--Philippines--Biography. | ||
| 650 | _a2. Political corruption--Philippines. | ||
| 650 | _a3. Crime--Philippines. | ||
| 942 |
_2ddc _cBK - FIL _kFil. _n0 |
||
| 999 |
_c3870 _d3870 |
||